000
00459nam a2200133Ia 4500
008
100328s9999 xx 000 0 und d
082
_b
53475
100
_a
टिळक अशोक देवदत्त
245
_a
टिळकांची कविता भाग 4
260
_b
व्हिनस
630
_a
टिळकांची कविता भाग 4
730
_a
टिळकांची कविता भाग 4
942
_c
BOOK
999
_c
540222
_d
540219